03200cam a22003854i 4500003000900000005001700009008004100026035002000067040003300087100004400120245020500164264001000369300004000379336002100419337002500440338002300465502005800488504002400546520206300570526001002633526001002643526000902653526000902662526000902671526000902680526000902689526000902698526000902707526000802716526000802724526000802732526000802740526000802748650005802756PE-LiUPU20250731165417.0151209s2013 pe a grm 000 0 spa d a(Sirsi) a155447 aPE-LiUPUbspacPE-LiUPUerda1 aCórdova Cornejo, Nancy Rebeca,eautor1 aEstilos de apego y bienestar psicológico en madres adventistas y católicas de los alumnos del nivel primario de la Institución Educativa Privada España, 2013 /cNancy Rebeca Córdova Cornejo. 0c2013. a140 hojas : bilustraciones;c30 cm atext2rdacontent aunmediated2rdamedia avolume2rdacarrier aTesisb(Mg.) -- cUniversidad Peruana Unión,d2013. aIncluye referencias3 aLa presente investigación pertenece a un diseño descriptivo correlacional comparativo, porque los resultados obtenidos han permitido determinar la relación entre los distintos estilos de apego con el bienestar psicológico de las madres adventistas y católicas. El objetivo principal de este estudio es determinar si existe relación entre los distintos estilos de apego con el bienestar psicológico en madres adventistas y católicas de alumnos del nivel primario de la Institución Educativa Privada (IEP) España. Para la recolección de datos se ha aplicado dos instrumentos bases: un cuestionario sobre estilos de apego, Escala de actitudes hacia las relaciones en general de Collins y Read (1990) adaptado por Tacón y Caldera I. (2001); el segundo instrumento contiene dos cuestionarios que han permitido evaluar el bienestar psicológico: Escala de bienestar psicológico existencial de Ellison Nelson (1999), adaptado por Torres /2001a) y la Escala de bienestar subjetivo de José Sánchez Cánovas (1998) adaptado por Torres (2001ª). Este instrumento fue adaptado por la autora para fines del presente trabajo de investigación (2013). La validación del instrumento se ha realizado mediante el juicio de expertos, generando un proceso de reducción de dimensiones mediante el programa SPSS 18. La confiabilidad del instrumento se determinó a través del Alfa de Cronbach. Los datos obtenidos se analizaron usando los estadísticos: Rho de Spearman y chi cuadrado. De acuerdo con los resultados obtenidos, se ha concluido que si existe relación significativa entre los diversos estilos de apego con el bienestar psicológico en madres adventistas y católicas. Difieren en forma significativa el estilo de apego, el grado de seguridad experimentados en las relaciones interpersonales y el bienestar psicológico; igual sucede con parte de la salud en su sentido más general y manifestada en todas las esferas de la actividad humana que proporciona salud mental y felicidad de madres adventistas y católicas. aSEG44 aSEG26 aP151 aP150 aP149 aP146 aP145 aP126 aP125 aP92 aP75 aP74 aP27 aP1504aApego (Psicología)xMadresxAspectos psicológicos